| 000 | 00914nam a2200217 a 4500 | ||
|---|---|---|---|
| 001 | 11948 | ||
| 003 | BD-JhCC | ||
| 005 | 20231113121300.0 | ||
| 008 | 210222b 2019bg ||||| ||a| 001 0 Ben d | ||
| 035 | _a(BD-JhCC)11948 | ||
| 040 |
_aBD-JhCC _dBD-JhCC |
||
| 041 | _aben | ||
| 082 |
_bABD 2019 _a954.9205 |
||
| 100 | _aআব্দুল হাদী,মোহাম্মদ / | ||
| 245 |
_a বাংলার ইতিহাসে এবং মুক্তিযুদ্ধে ব্রাক্ষ্মণবাড়িয়া ও প্রবাসীদের অবদান / _cমোহাম্মদ আব্দুল হাদী |
||
| 260 |
_aবাংলাদেশ: _bসাহিত্য বিকাশ, ঢাকা; _c২০১৯. |
||
| 300 |
_a383 _bill _c22 CM. |
||
| 650 | _aবাংলাদেশের মুক্তিযুদ্ধ | ||
| 942 |
_2ddc _cBK |
||
| 999 |
_c11948 _d11948 |
||